Mimorozpočtové fondy a jejich postavení v systému veřejných rozpočtů
Ekonomická charakteristika fondov: 1. fondy, ktoré poskytujú prostriedky na netrhových princípoch, 2. fondy, ktoré svoje prostriedky používajú k vytváraniu preferenčných podmienok pri úverovaní vybraných podnikateľských subjektov. Súčasný stav v ČR. Účelové mimorozpočtové fondy. Inštitúcie vládnej p...
Gespeichert in:
| 1. Verfasser: | |
|---|---|
| Weitere Verfasser: | |
| Format: | Buchkapitel |
| Sprache: | Tschechisch |
| Schlagworte: | |
| Tags: |
Keine Tags, Fügen Sie das erste Tag hinzu!
|
MARC
| LEADER | 00000naa a2200000 4500 | ||
|---|---|---|---|
| 001 | r017048 | ||
| 005 | 20221205090241.0 | ||
| 041 | 0 | |a cze | |
| 044 | |a CZ | ||
| 245 | 1 | 0 | |a Mimorozpočtové fondy a jejich postavení v systému veřejných rozpočtů |c M. Horčicová, D. Vašková |
| 520 | |a Ekonomická charakteristika fondov: 1. fondy, ktoré poskytujú prostriedky na netrhových princípoch, 2. fondy, ktoré svoje prostriedky používajú k vytváraniu preferenčných podmienok pri úverovaní vybraných podnikateľských subjektov. Súčasný stav v ČR. Účelové mimorozpočtové fondy. Inštitúcie vládnej podpory podnikateľských aktivít. | ||
| 610 | 2 | 0 | |a rozpočet štátny |
| 610 | 2 | 0 | |a financie verejné |
| 610 | 2 | 0 | |a fondy účelové |
| 610 | 2 | 0 | |a Česko |
| 100 | 1 | |a Horčicová, M. | |
| 700 | 1 | |a Vašková, D. | |